Medias in Res Vok 21 - Statistiken

Allgemein
  • Dieses Quiz wurde 943 mal gespielt
    781 seit der letzten Aktualisierung
  • Das Durchschnittsergebnis liegt bei 47 aus 63
Antwortstatistiken
Angabe Übs / 2. Fall / Geschlecht Antwort % Korrekt
Venus Übs Venus
92%
discordia Übs Zwietracht, Streit
89%
Gen. controversiae
88%
Genitiv discordiae
88%
genus f.
88%
genus f.
88%
Graecia Übs Griechenland
88%
controversia Übs Auseinandersetzung, Streit
87%
genus f.
87%
genus f.
86%
Gen. Graeciae
86%
praemium Übs Belohnung, Preis
85%
genus n.
84%
iacere Übs werfen
84%
genus f.
83%
Gen. praemii
82%
fortitudo Übs Tapferkeit
82%
1. P. iudico
81%
+ Fall Akk.
80%
Gen. fortitudinis
80%
dives, divitis (2. F.) Übs reich
80%
1. P. certo
79%
Gen. Veneris
79%
quia Übs weil
78%
iudicare Übs urteilen, richten
77%
maritus Übs Gatte, Ehemann
75%
1. P. iacio
75%
PPP iactum
75%
1. P. iungo
75%
praeter Übs außer
74%
1. P. deligo
74%
genus m.
74%
1. P. mando
74%
praeterea Übs außerdem
73%
genus f.
73%
Perfekt iudicavi
73%
PPP iudicatum
72%
iungere Übs verbinden
72%
PPP certatum
71%
Perfekt certavi
71%
occasio Übs Gelegenheit
71%
Gen. occasionis
71%
Gen. mariti
70%
mandare Übs anvertrauen
69%
1. P. decerno
69%
genus f.
69%
PPP iunctum
68%
PPP mandatum
68%
Perfekt mandavi
68%
eo (Adv.) Übs dorthin
67%
Perfekt iunxi
67%
deligere Übs auswählen
66%
PPP delectum
66%
Perfektstamm ieci
66%
certare Übs streiten, wetteifern
66%
eiusmodi Übs derartig
64%
Perfekt delegi
63%
Gen. fidei
63%
fides Übs Treue, Vertrauen
60%
PPP decretum
57%
Perfekt decrevi
56%
decernere Übs beschließen
52%
sive...sive (= seu...seu) Übs sei es (dass) ... sei es (dass)
42%
Keine übereinstimmenden Quizze gefunden
Verteilung der Resultate
Anzahl Personen mit jedem Resultat
Perzentil nach korrekt beantworteten Fragen
Ihre Resultats-Entwicklung
Sie haben dieses Quiz seit der letzten Aktualisierung nicht gespielt